<?xml version="1.0" encoding="UTF-8"?>
<record
    xmlns:xsi="http://www.w3.org/2001/XMLSchema-instance"
    xsi:schemaLocation="http://www.loc.gov/MARC21/slim http://www.loc.gov/standards/marcxml/schema/MARC21slim.xsd"
    xmlns="http://www.loc.gov/MARC21/slim">

  <leader>00395nam a2200145Ia 4500</leader>
  <controlfield tag="008">230718s9999    xx            000 0 und d</controlfield>
  <datafield tag="041" ind1=" " ind2=" ">
    <subfield code="a">eng</subfield>
  </datafield>
  <datafield tag="082" ind1=" " ind2=" ">
    <subfield code="a">571.8</subfield>
    <subfield code="b">REI</subfield>
  </datafield>
  <datafield tag="100" ind1=" " ind2=" ">
    <subfield code="a">Reilly W. J.</subfield>
    <subfield code="9">145797</subfield>
  </datafield>
  <datafield tag="245" ind1=" " ind2=" ">
    <subfield code="a">How To Get What You Want Out Of Life</subfield>
  </datafield>
  <datafield tag="260" ind1=" " ind2=" ">
    <subfield code="c">1987</subfield>
    <subfield code="b">Harper And Rao</subfield>
  </datafield>
  <datafield tag="365" ind1=" " ind2=" ">
    <subfield code="c">Rs.</subfield>
    <subfield code="b">95.00</subfield>
  </datafield>
  <datafield tag="700" ind1=" " ind2=" ">
    <subfield code="a">Reilly W. J.</subfield>
    <subfield code="9">145797</subfield>
  </datafield>
  <datafield tag="906" ind1=" " ind2=" ">
    <subfield code="d">B:368121-Mar-2000</subfield>
    <subfield code="c">INST</subfield>
    <subfield code="b">14.25</subfield>
  </datafield>
  <datafield tag="999" ind1=" " ind2=" ">
    <subfield code="c">300195</subfield>
    <subfield code="d">300195</subfield>
  </datafield>
  <datafield tag="952" ind1=" " ind2=" ">
    <subfield code="0">0</subfield>
    <subfield code="1">0</subfield>
    <subfield code="4">0</subfield>
    <subfield code="7">0</subfield>
    <subfield code="a">CCEP</subfield>
    <subfield code="b">CCEP</subfield>
    <subfield code="d">2000-03-27</subfield>
    <subfield code="e">Tbs</subfield>
    <subfield code="f">INST</subfield>
    <subfield code="g">80.75</subfield>
    <subfield code="i">3681</subfield>
    <subfield code="l">0</subfield>
    <subfield code="o">571.8</subfield>
    <subfield code="p">CCEP-BK-11401</subfield>
    <subfield code="r">2023-07-18 00:00:00</subfield>
    <subfield code="t">14.25</subfield>
    <subfield code="v">95.00</subfield>
    <subfield code="w">2000-03-21</subfield>
    <subfield code="y">BK</subfield>
    <subfield code="z">011401</subfield>
  </datafield>
</record>
